[Event "Russia - China 2012"]
[Site "?"]
[Date "2012.07.06"]
[Round "5"]
[White "Yu, Yangyi"]
[Black "Vitiugov, Nikita"]
[Result "1-0"]
[WhiteElo "2656"]
[BlackElo "2703"]
[PlyCount "57"]
[EventDate "2012.??.??"]

1. e4 e6 2. d4 d5 3. Nc3 Bb4 4. a3 Bxc3+ 5. bxc3 dxe4 6. Qg4 Nf6 7. Qxg7 Rg8 8.
Qh6 Nbd7 9. Nh3 c5 10. a4 cxd4 11. cxd4 Qc7 12. Qd2 b6 13. Ra3 Nd5 14. Rg3 Rxg3
15. hxg3 N7f6 16. c4 e3 17. Qb2 Ne7 18. Bxe3 Ba6 19. Bf4 Qd7 20. d5 Nfg8 21.
Ng5 exd5 22. Rxh7 Bxc4 23. Nxf7 Qe6+ 24. Be5 Nf6 25. Nd6+ Kd7 26. Bxc4 Nxh7 27.
Bb5+ Nc6 28. Bxc6+ Kxc6 29. Qc2+ 1-0

[Event "World Blitz Final"]
[Site "Astana KAZ"]
[Date "2012.07.09"]
[Round "1"]
[White "Le Quang Liem"]
[Black "Morozevich, A."]
[Result "1/2-1/2"]
[WhiteElo "2693"]
[BlackElo "2770"]
[PlyCount "115"]
[EventDate "2012.07.01"]

1. d4 d5 2. c4 e5 3. dxe5 d4 4. Nf3 Nc6 5. a3 Nge7 6. Nbd2 a5 7. g3 a4 8. Bg2
Ng6 9. O-O Ngxe5 10. Nxe5 Nxe5 11. Nf3 Nxf3+ 12. Bxf3 Bc5 13. Bd2 O-O 14. Bb4
Qd6 15. Qd2 Be6 16. Bxb7 Rab8 17. Bxc5 Qxc5 18. Bf3 Qb6 19. c5 Qxc5 20. Rfd1
Rfd8 21. Rac1 Qe5 22. Qf4 Qxf4 23. gxf4 Rxb2 24. Rxc7 g6 25. Ra7 Bb3 26. Rc1
Ra2 27. Rcc7 Rxa3 28. Be4 Re8 29. Bd3 Ra1+ 30. Kg2 a3 31. f3 a2 32. Rcb7 Be6
33. Rb4 Rc1 34. Rba4 Rb8 35. Rxa2 Bxa2 36. Rxa2 Rd8 37. f5 Kg7 38. Ra6 Rc5 39.
fxg6 hxg6 40. Ra4 Rg5+ 41. Kf2 Rh5 42. Kg3 Rd6 43. h4 Rc5 44. Ra7 Rcd5 45. Bc4
Rd7 46. Ra4 Re5 47. Bd3 Re3 48. Kf2 Re5 49. Kg3 Kh6 50. Ra8 f5 51. Ra6 Kg7 52.
Kf4 Rc5 53. Kg5 f4+ 54. Kxf4 Rf7+ 55. Ke4 Rd7 56. Kf4 Rf7+ 57. Ke4 Rd7 58. Kf4
1/2-1/2

[Event "World Blitz Final"]
[Site "Astana KAZ"]
[Date "2012.07.09"]
[Round "1"]
[White "Grischuk, A."]
[Black "Topalov, V."]
[Result "1/2-1/2"]
[WhiteElo "2763"]
[BlackElo "2752"]
[PlyCount "85"]
[EventDate "2012.07.01"]

1. e4 c5 2. Nf3 g6 3. c4 Nc6 4. d4 cxd4 5. Nxd4 Nf6 6. Nc3 Nxd4 7. Qxd4 d6 8.
Be2 Bg7 9. Be3 O-O 10. Qd2 a5 11. f3 a4 12. Rc1 Be6 13. Nb5 Qa5 14. Rc2 Rfc8
15. Qxa5 Rxa5 16. Kd2 Nd7 17. Rb1 Ne5 18. b3 axb3 19. axb3 Raa8 20. Nc3 Nc6 21.
Nd5 Ra3 22. c5 Bxd5 23. exd5 Nb4 24. Rc4 Ra2+ 25. Ke1 Nxd5 26. cxd6 Rxc4 27. d7
Ra8 28. bxc4 Nxe3 29. Rxb7 Rd8 30. Rc7 e6 31. Rc8 Bf6 32. c5 Nc2+ 33. Kf1 Nd4
34. Bd1 Kf8 35. Ba4 Ke7 36. c6 Be5 37. c7 Bxc7 38. Rxc7 e5 39. Kf2 Ne6 40. Rc8
Nf8 41. Rc5 Nxd7 42. Bxd7 Rxd7 43. Rxe5+ 1/2-1/2

[Event "World Blitz Final"]
[Site "Astana KAZ"]
[Date "2012.07.09"]
[Round "1"]
[White "Radjabov, T."]
[Black "Chadaev, N."]
[Result "1-0"]
[WhiteElo "2788"]
[BlackElo "2580"]
[PlyCount "55"]
[EventDate "2012.07.01"]

1. Nf3 Nf6 2. c4 c6 3. d4 d5 4. e3 Bf5 5. Nc3 e6 6. Be2 h6 7. O-O Nbd7 8. b3
Bd6 9. Bb2 O-O 10. Rc1 Qe7 11. h3 Ne4 12. Bd3 Nxc3 13. Bxc3 Bxd3 14. Qxd3 Bb4
15. Bxb4 Qxb4 16. e4 dxe4 17. Qxe4 a5 18. Rb1 Rfd8 19. Rfc1 Nf6 20. Qe3 Rab8
21. Ne5 a4 22. Re1 axb3 23. axb3 Qd6 24. Rbd1 Ra8 25. Rd3 Ra2 26. Qf4 Rf8 27.
Ree3 Kh8 28. Ng6+ 1-0

[Event "World Blitz Final"]
[Site "Astana KAZ"]
[Date "2012.07.09"]
[Round "1"]
[White "Kotsur, P."]
[Black "Bologan, V."]
[Result "0-1"]
[WhiteElo "2548"]
[BlackElo "2732"]
[PlyCount "74"]
[EventDate "2012.07.01"]

1. e4 g6 2. Nc3 c6 3. h4 d5 4. h5 Bg7 5. Qe2 d4 6. Nb1 e5 7. d3 Nf6 8. hxg6
hxg6 9. Rxh8+ Bxh8 10. g3 Bg4 11. f3 Be6 12. Qh2 Bg7 13. Bh3 Qe7 14. Bxe6 Qxe6
15. Qh3 Qxh3 16. Nxh3 c5 17. Nd2 Nc6 18. Nc4 Ke7 19. Bd2 Rh8 20. Nf2 b5 21. Na3
a6 22. Kf1 Ne8 23. Kg2 Nd6 24. f4 f5 25. Re1 Kd7 26. Nb1 c4 27. a3 fxe4 28.
Nxe4 Nxe4 29. Rxe4 Rc8 30. fxe5 Bxe5 31. Bf4 Bf6 32. Re2 c3 33. bxc3 dxc3 34.
Be3 a5 35. Kf3 b4 36. axb4 axb4 37. Bc5 Bd4 0-1

[Event "World Blitz Final"]
[Site "Astana KAZ"]
[Date "2012.07.09"]
[Round "1"]
[White "Karjakin, Sergey"]
[Black "Svidler, P."]
[Result "1/2-1/2"]
[WhiteElo "2779"]
[BlackElo "2749"]
[PlyCount "81"]
[EventDate "2012.07.01"]

1. e4 c5 2. Nf3 e6 3. d4 cxd4 4. Nxd4 Nc6 5. Nc3 a6 6. Nxc6 bxc6 7. Bd3 d5 8.
O-O Nf6 9. Qe2 Be7 10. b3 Bb7 11. Bb2 O-O 12. Rad1 Qc7 13. Na4 dxe4 14. Bxe4
Nxe4 15. Qxe4 c5 16. Qe5 Qxe5 17. Bxe5 Bc6 18. Nb6 Rad8 19. Bc7 Rxd1 20. Rxd1
f6 21. f3 Kf7 22. Kf2 g5 23. Nc4 h5 24. Na5 Ba8 25. h3 g4 26. hxg4 hxg4 27.
fxg4 Rg8 28. g3 Rxg4 29. c3 Bd5 30. c4 Ba8 31. Rd7 Ke8 32. Rd1 Rd4 33. Ke1 e5
34. Rd2 Kd7 35. Bb6 Bd6 36. Rh2 Bf3 37. Rh7+ Ke6 38. Nb7 Bxb7 39. Rxb7 e4 40.
g4 f5 41. gxf5+ 1/2-1/2

[Event "World Blitz Final"]
[Site "Astana KAZ"]
[Date "2012.07.09"]
[Round "1"]
[White "Andreikin, D."]
[Black "Carlsen, M."]
[Result "1-0"]
[WhiteElo "2700"]
[BlackElo "2837"]
[PlyCount "125"]
[EventDate "2012.07.01"]

1. c4 e5 2. Nc3 Nc6 3. g3 f5 4. Bg2 Nf6 5. e3 g6 6. d4 d6 7. Nge2 Bg7 8. b4 e4
9. b5 Ne7 10. O-O O-O 11. a4 Be6 12. Qb3 Bf7 13. a5 a6 14. bxa6 bxa6 15. Qa4
Qd7 16. f3 exf3 17. Bxf3 Rab8 18. Nf4 c5 19. dxc5 dxc5 20. Ncd5 Qa7 21. Ra2 Ne4
22. Bxe4 fxe4 23. Raf2 Nf5 24. Nb6 Rbd8 25. Nfd5 Qb7 26. Qa3 h5 27. Bb2 Bxd5
28. cxd5 Bxb2 29. Qxb2 Qg7 30. Qc1 Qe7 31. Qc3 Kh7 32. Rf4 Rf7 33. R1f2 Rdf8
34. Nc4 Qd8 35. Ne5 Rb7 36. g4 hxg4 37. Nxg4 Qg5 38. h3 Rbf7 39. Qe5 Qh4 40.
Qxe4 Qg3+ 41. Rg2 Qh4 42. Nf2 Qh6 43. Ng4 Qg7 44. Qe5 Nh4 45. Qxg7+ Kxg7 46.
Rgf2 Rxf4 47. exf4 Nf5 48. Rc2 Nd4 49. Rxc5 Rxf4 50. d6 Ne2+ 51. Kg2 Rd4 52.
Rc7+ Kf8 53. d7 Nf4+ 54. Kf3 Ne6 55. Ra7 Ke7 56. Ne5 Kf6 57. Nc6 Rd6 58. Nb8
Rd3+ 59. Kf2 Nc5 60. Rc7 Ne6 61. Rc6 Ke7 62. Rxa6 Ra3 63. Rxe6+ 1-0

[Event "World Blitz Final"]
[Site "Astana KAZ"]
[Date "2012.07.09"]
[Round "1"]
[White "Jumabayev, R."]
[Black "Mamedyarov, S."]
[Result "0-1"]
[WhiteElo "2525"]
[BlackElo "2726"]
[PlyCount "85"]
[EventDate "2012.07.01"]

1. Nf3 g6 2. d4 Bg7 3. g3 d6 4. c4 Bg4 5. Bg2 Nc6 6. d5 Nb8 7. O-O Nf6 8. Nc3
O-O 9. Nd4 Qc8 10. Re1 c5 11. Nc2 a6 12. Bf4 b5 13. cxb5 axb5 14. Nxb5 Qb7 15.
a4 Bd7 16. Nca3 Na6 17. Qd2 Rfb8 18. b3 Nc7 19. Nxc7 Qxc7 20. Rab1 Rb7 21. h3
Rab8 22. Qc2 Qc8 23. Kh2 Be8 24. Nc4 Nd7 25. Na5 Rc7 26. Nc6 Rxc6 27. dxc6 Ne5
28. b4 Bxc6 29. bxc5 Bxg2 30. Kxg2 Ra8 31. Rec1 Qc6+ 32. Kg1 d5 33. Rb6 Qc8 34.
Kg2 Nc4 35. Rb5 Qc6 36. Qb3 Rf8 37. Rb8 e5 38. Rxf8+ Bxf8 39. Bg5 h6 40. Bd8
Bxc5 41. Qb5 Qd6 42. Rd1 Na3 43. Qa5 0-1

[Event "World Blitz Final"]
[Site "Astana KAZ"]
[Date "2012.07.09"]
[Round "2"]
[White "Morozevich, A."]
[Black "Mamedyarov, S."]
[Result "1-0"]
[WhiteElo "2770"]
[BlackElo "2726"]
[PlyCount "79"]
[EventDate "2012.07.01"]

1. d4 Nf6 2. c4 g6 3. Nc3 Bg7 4. e4 O-O 5. Be3 d6 6. f3 a6 7. Qd2 Nc6 8. Nge2
Rb8 9. Rb1 b5 10. cxb5 axb5 11. b4 Re8 12. d5 Ne5 13. Nd4 Bd7 14. Be2 e6 15.
O-O exd5 16. exd5 Nh5 17. Rfe1 Qh4 18. Rbd1 Nc4 19. Bxc4 bxc4 20. Bf2 Qf4 21.
Rxe8+ Rxe8 22. g3 Qxd2 23. Rxd2 Nf6 24. a4 Ra8 25. a5 g5 26. g4 h5 27. h3 hxg4
28. hxg4 Nh7 29. Ncb5 Nf8 30. Nxc7 Rc8 31. Ndb5 Ng6 32. a6 Ne5 33. Kg2 c3 34.
Rc2 Nd3 35. a7 Nxb4 36. Rxc3 Bxb5 37. Rb3 Na6 38. Nxb5 Ra8 39. Ra3 Nb4 40. Nc7
1-0

[Event "World Blitz Final"]
[Site "Astana KAZ"]
[Date "2012.07.09"]
[Round "2"]
[White "Carlsen, M."]
[Black "Jumabayev, R."]
[Result "1/2-1/2"]
[WhiteElo "2837"]
[BlackElo "2525"]
[PlyCount "92"]
[EventDate "2012.07.01"]

1. e4 e5 2. f4 exf4 3. Nc3 Ne7 4. d4 d5 5. exd5 Nxd5 6. Nxd5 Qxd5 7. Bxf4 c5 8.
Nf3 Nc6 9. Bd3 cxd4 10. O-O Be7 11. Qe1 O-O 12. Ne5 Nxe5 13. Bxe5 Bg5 14. Qg3
f6 15. Bf4 Bd7 16. Bxg5 Qxg5 17. Qxg5 fxg5 18. Bc4+ Kh8 19. Rxf8+ Rxf8 20. Rd1
Bf5 21. Rxd4 Bxc2 22. Bd5 b6 23. Bf3 Bf5 24. Ra4 Rf7 25. Rd4 g6 26. a3 h5 27.
Rd6 Kg7 28. Bd5 Rc7 29. Bb3 h4 30. g3 h3 31. Kf2 Rc1 32. Rd1 Rc7 33. Rd2 Kf6
34. Ke3 Re7+ 35. Kf2 Rc7 36. Rd6+ Ke5 37. Rd5+ Kf6 38. Rd6+ Ke5 39. Rd5+ Kf6
40. Rd2 Ke5 41. Ke3 Re7 42. Kf2 Rc7 43. Rd5+ Kf6 44. Rd6+ Ke5 45. Rd5+ Kf6 46.
Rd6+ Ke5 1/2-1/2

[Event "World Blitz Final"]
[Site "Astana KAZ"]
[Date "2012.07.09"]
[Round "2"]
[White "Ivanchuk, V."]
[Black "Andreikin, D."]
[Result "0-1"]
[WhiteElo "2769"]
[BlackElo "2700"]
[PlyCount "60"]
[EventDate "2012.07.01"]

1. Nf3 c5 2. e4 e6 3. d4 cxd4 4. Nxd4 a6 5. c4 Nf6 6. Nc3 Bb4 7. Qd3 d5 8. exd5
exd5 9. Be2 O-O 10. O-O Nc6 11. cxd5 Nxd5 12. Nxc6 bxc6 13. Nxd5 cxd5 14. Be3
Be6 15. Rac1 Bd6 16. Bd4 Qb8 17. g3 Be5 18. Rfd1 a5 19. Bf3 h6 20. Rc5 Qb4 21.
Bxd5 Rad8 22. a3 Qxd4 23. Qxd4 Bxd4 24. Rxd4 Rd6 25. Rxa5 Rfd8 26. Bxe6 Rxd4
27. Ba2 Rd2 28. Rb5 g6 29. a4 R8d6 30. a5 Rf6 0-1

[Event "World Blitz Final"]
[Site "Astana KAZ"]
[Date "2012.07.09"]
[Round "2"]
[White "Bologan, V."]
[Black "Karjakin, Sergey"]
[Result "0-1"]
[WhiteElo "2732"]
[BlackElo "2779"]
[PlyCount "75"]
[EventDate "2012.07.01"]

1. e4 e5 2. Nf3 Nc6 3. Bc4 Nf6 4. d3 Bc5 5. O-O O-O 6. h3 d6 7. c3 Ne7 8. Re1
Ng6 9. Nbd2 c6 10. Bb3 Bb6 11. Nf1 d5 12. Bg5 h6 13. Bxf6 Qxf6 14. exd5 cxd5
15. Bxd5 Nf4 16. Be4 Bxh3 17. gxh3 Nxh3+ 18. Kg2 Nf4+ 19. Kh1 Bxf2 20. Re2 Nxe2
21. Qxe2 Bb6 22. Ng3 Qf4 23. Qg2 h5 24. Nxh5 Qh6 25. Qg5 Qxg5 26. Nxg5 g6 27.
Nf6+ Kg7 28. Nd5 Bd8 29. Rg1 Rh8+ 30. Kg2 Bxg5 31. Kf3 Bd8 32. Ne3 Bb6 33. Rg3
Bxe3 34. Kxe3 Rad8 35. Bxb7 Rb8 36. Bd5 Rxb2 37. c4 f5 38. Rg1 0-1

[Event "World Blitz Final"]
[Site "Astana KAZ"]
[Date "2012.07.09"]
[Round "2"]
[White "Chadaev, N."]
[Black "Kotsur, P."]
[Result "1-0"]
[WhiteElo "2580"]
[BlackElo "2548"]
[PlyCount "67"]
[EventDate "2012.07.01"]

1. e4 c5 2. Nf3 e6 3. g3 d5 4. exd5 exd5 5. d4 Nc6 6. Bg2 cxd4 7. O-O Nf6 8.
Nxd4 Be7 9. Nc3 O-O 10. Re1 h6 11. h3 Bb4 12. a3 Ba5 13. Qd3 Bb6 14. Nf3 d4 15.
Na4 Bc7 16. Bd2 Qd5 17. Nh4 Qd8 18. Nc5 Bb6 19. Na4 Bc7 20. Rad1 Ne5 21. Qb3
Rb8 22. Nc5 b6 23. Nd3 Be6 24. Qa4 Nxd3 25. cxd3 a5 26. Rc1 Bd6 27. Nf3 Bd5 28.
Qxd4 Bc5 29. Qf4 Rc8 30. Bc3 Nh5 31. Qg4 g6 32. Nh4 Qg5 33. Bxd5 Qxd5 34. Nxg6
1-0

[Event "World Blitz Final"]
[Site "Astana KAZ"]
[Date "2012.07.09"]
[Round "2"]
[White "Topalov, V."]
[Black "Radjabov, T."]
[Result "1/2-1/2"]
[WhiteElo "2752"]
[BlackElo "2788"]
[PlyCount "229"]
[EventDate "2012.07.01"]

1. e4 c5 2. Nf3 Nc6 3. Bb5 g6 4. O-O Bg7 5. Bxc6 dxc6 6. h3 Nf6 7. d3 O-O 8. a3
c4 9. Nc3 cxd3 10. cxd3 c5 11. Be3 b6 12. Qc2 Bb7 13. Rad1 Rc8 14. Rfe1 Qc7 15.
Qc1 Rfd8 16. Bf4 Qd7 17. Qe3 Nh5 18. Bh2 Nf6 19. Rd2 Qe8 20. Red1 Bc6 21. Be5
Ba4 22. Re1 Bc6 23. Red1 Bb7 24. Qg5 a6 25. Qe3 b5 26. Rc1 c4 27. d4 e6 28. Qf4
Nh5 29. Qe3 Nf6 30. Qf4 Qe7 31. Rcd1 Re8 32. Re1 Rcd8 33. d5 Nh5 34. Qh2 exd5
35. exd5 f6 36. g4 fxe5 37. gxh5 gxh5 38. Rde2 Bxd5 39. Nxe5 Qb7 40. Qg3 Re6
41. Kh2 Rde8 42. f4 Rf6 43. Qg5 h6 44. Qxh5 Bf7 45. Qg4 Qc8 46. Qg3 Qf5 47. Ne4
Qxf4 48. Nxf6+ Qxf6 49. Rg1 Bh5 50. Reg2 Qxe5 51. Qxe5 Rxe5 52. Rxg7+ Kf8 53.
Ra7 Bf7 54. Rf1 Re7 55. Rxe7 Kxe7 56. Kg3 a5 57. Kf4 b4 58. axb4 axb4 59. Ke5
c3 60. bxc3 bxc3 61. Rc1 Be6 62. Rxc3 Bd7 63. h4 Bg4 64. Rc7+ Ke8 65. Kf6 h5
66. Re7+ Kd8 67. Rg7 Ke8 68. Kg5 Kf8 69. Ra7 Ke8 70. Kf4 Kf8 71. Ke5 Ke8 72.
Kd6 Kf8 73. Rh7 Ke8 74. Re7+ Kf8 75. Re5 Kf7 76. Kd5 Kf6 77. Ke4 Bf3+ 78. Kf4
Bg4 79. Re1 Bd7 80. Rd1 Bg4 81. Rd6+ Ke7 82. Ke5 Kf7 83. Rb6 Bd1 84. Rb7+ Kg6
85. Rb2 Bg4 86. Rf2 Kg7 87. Kd6 Kg6 88. Ke7 Bf5 89. Rf4 Bg4 90. Rf6+ Kg7 91.
Rf7+ Kg6 92. Kf8 Be6 93. Rf2 Bf5 94. Rf4 Kf6 95. Rf2 Kg6 96. Ke7 Bg4 97. Rf6+
Kg7 98. Rf1 Kg6 99. Kf8 Bf5 100. Kg8 Be6+ 101. Kh8 Bg4 102. Ra1 Kf7 103. Kh7
Kf6 104. Kh6 Kf7 105. Ra5 Kf6 106. Rg5 Kf7 107. Rg6 Bf3 108. Rg1 Bg4 109. Rf1+
Ke7 110. Kg5 Ke6 111. Re1+ Kf7 112. Re5 Bd1 113. Kf4 Bg4 114. Rxh5 Bxh5 115.
Ke4 1/2-1/2

[Event "World Blitz Final"]
[Site "Astana KAZ"]
[Date "2012.07.09"]
[Round "2"]
[White "Le Quang Liem"]
[Black "Grischuk, A."]
[Result "0-1"]
[WhiteElo "2693"]
[BlackElo "2763"]
[PlyCount "73"]
[EventDate "2012.07.01"]

1. d4 Nf6 2. c4 g6 3. Nc3 Bg7 4. e4 d6 5. h3 O-O 6. Nf3 e5 7. dxe5 dxe5 8. Qxd8
Rxd8 9. Bg5 Na6 10. Nd5 Rd6 11. Nxf6+ Bxf6 12. Bxf6 Rxf6 13. O-O-O Kg7 14. Bd3
Re6 15. Bc2 Re7 16. Rd8 Nc5 17. Rd5 Nd7 18. Rhd1 a5 19. b3 f6 20. Kb2 Nf8 21.
Ng1 b6 22. Ne2 Bb7 23. R5d2 Ne6 24. a3 Kf8 25. f3 Bc6 26. b4 axb4 27. axb4 Ree8
28. Bb3 Rad8 29. Kc3 Rxd2 30. Rxd2 Ke7 31. h4 Ra8 32. Rd1 Bb7 33. h5 g5 34. Kb2
c5 35. bxc5 bxc5 36. Nc3 Nd4 37. Nb5 0-1

[Event "World Blitz Final"]
[Site "Astana KAZ"]
[Date "2012.07.09"]
[Round "3"]
[White "Grischuk, A."]
[Black "Morozevich, A."]
[Result "1-0"]
[WhiteElo "2763"]
[BlackElo "2770"]
[PlyCount "103"]
[EventDate "2012.07.01"]

1. e4 e6 2. d4 d5 3. Nc3 Nf6 4. e5 Nfd7 5. f4 c5 6. Nf3 Nc6 7. Be3 cxd4 8. Nxd4
Qb6 9. Qd2 Qxb2 10. Rb1 Qa3 11. Bb5 Nxd4 12. Bxd4 a6 13. Rb3 Qe7 14. Ba4 Qd8
15. Bb6 Qh4+ 16. g3 Qg4 17. Nd1 Be7 18. Nf2 Qg6 19. Rc3 O-O 20. Bxd7 Bxd7 21.
Rc7 Bd8 22. Rxd7 Bxb6 23. Rxb7 Rab8 24. Rxb8 Rxb8 25. O-O h5 26. Kg2 Rc8 27.
Nd3 Qe4+ 28. Kh3 Be3 29. Qe2 Qf5+ 30. Kg2 d4 31. Rb1 g6 32. Rb2 a5 33. a4 Kg7
34. h3 Qe4+ 35. Qf3 Qxf3+ 36. Kxf3 Rc4 37. Ra2 g5 38. fxg5 Bxg5 39. h4 Be3 40.
Ke4 Kh6 41. Kf3 Kg7 42. Ke4 Kg6 43. Nf4+ Bxf4 44. gxf4 d3+ 45. Kxd3 Rxf4 46. c4
Kf5 47. Re2 Rxh4 48. c5 Rg4 49. c6 Rg8 50. Kd4 h4 51. Rf2+ Kg4 52. Rg2+ 1-0

[Event "World Blitz Final"]
[Site "Astana KAZ"]
[Date "2012.07.09"]
[Round "3"]
[White "Radjabov, T."]
[Black "Le Quang Liem"]
[Result "1-0"]
[WhiteElo "2788"]
[BlackElo "2693"]
[PlyCount "97"]
[EventDate "2012.07.01"]

1. Nf3 Nf6 2. c4 g6 3. b3 Bg7 4. Bb2 O-O 5. g3 c6 6. Bg2 d5 7. O-O Bg4 8. d3
Bxf3 9. Bxf3 e6 10. Nc3 Nbd7 11. Bg2 Qe7 12. Qc2 Rfd8 13. e3 a5 14. Rfe1 h5 15.
h3 Ne8 16. Rad1 Rac8 17. Ne2 Bxb2 18. Qxb2 Nef6 19. a3 Ra8 20. Nd4 Nc5 21. cxd5
cxd5 22. b4 axb4 23. axb4 Ncd7 24. Ra1 Qd6 25. Nf3 Rdc8 26. Ra5 Rxa5 27. bxa5
Qa6 28. Rd1 Rc5 29. Ra1 Qxd3 30. Qxb7 Qc3 31. Rf1 Rxa5 32. Nd4 Ra1 33. Qb5
Rxf1+ 34. Bxf1 Ne5 35. Qb8+ Kh7 36. Qxe5 Ne4 37. Qf4 Kg7 38. Qb8 Kh7 39. Qa7
Kg8 40. Qa2 Qc1 41. Qc2 Qe1 42. Nf3 Qa1 43. Kg2 Kg7 44. Bd3 Nf6 45. Qb1 Qc3 46.
Qc2 Qa1 47. Qc7 Qa3 48. Ne5 Qf8 49. Bxg6 1-0

[Event "World Blitz Final"]
[Site "Astana KAZ"]
[Date "2012.07.09"]
[Round "3"]
[White "Kotsur, P."]
[Black "Topalov, V."]
[Result "1-0"]
[WhiteElo "2548"]
[BlackElo "2752"]
[PlyCount "71"]
[EventDate "2012.07.01"]

1. c4 g6 2. g3 Bg7 3. Bg2 d6 4. Nc3 c5 5. e4 Nc6 6. Nge2 e6 7. d3 Nge7 8. a3
O-O 9. Rb1 b6 10. O-O Bb7 11. Bf4 Qd7 12. b4 Rad8 13. Qd2 Ba8 14. Bh6 Bxh6 15.
Qxh6 Ne5 16. Rbd1 f6 17. h3 Nf7 18. Qe3 Kg7 19. d4 cxb4 20. axb4 Rfe8 21. d5
exd5 22. cxd5 Rc8 23. Qd2 Rc4 24. Rb1 Rec8 25. Rfc1 f5 26. Nf4 Kg8 27. Ne6 fxe4
28. Bxe4 Ne5 29. Bg2 Nf5 30. Ne4 Qe7 31. Rxc4 Rxc4 32. Rc1 Bxd5 33. Qxd5 Rxc1+
34. Kh2 Qf7 35. N4g5 Qe7 36. Qa8+ 1-0

[Event "World Blitz Final"]
[Site "Astana KAZ"]
[Date "2012.07.09"]
[Round "3"]
[White "Karjakin, Sergey"]
[Black "Chadaev, N."]
[Result "1-0"]
[WhiteElo "2779"]
[BlackElo "2580"]
[PlyCount "127"]
[EventDate "2012.07.01"]

1. e4 e5 2. Nf3 Nc6 3. Bb5 a6 4. Ba4 Nf6 5. O-O Be7 6. d3 d6 7. c3 O-O 8. Re1
Bd7 9. Nbd2 Re8 10. Nf1 Bf8 11. Ng3 h6 12. h3 g6 13. d4 Bg7 14. Bc2 Qe7 15. Be3
Kh7 16. Qd2 Rad8 17. d5 Nb8 18. c4 c6 19. b4 cxd5 20. cxd5 Rc8 21. Rac1 Rc4 22.
Bd3 Rxc1 23. Rxc1 Bb5 24. Bxb5 axb5 25. Qd3 Qd7 26. Kh2 Na6 27. a3 Nc7 28. Nd2
Rf8 29. Nb3 Ng8 30. Na5 Na6 31. Ne2 f5 32. f3 Nf6 33. Nc3 fxe4 34. Nxe4 Nxe4
35. Qxe4 h5 36. Qd3 Bh6 37. Bxh6 Kxh6 38. Nb3 Kg7 39. Nd2 Nc7 40. Ne4 Ne8 41.
Ng5 Rg8 42. Ne6+ Kh7 43. Qe3 Qe7 44. Rc8 Qd7 45. Rd8 Qe7 46. Qb6 Kh8 47. Rb8
Ng7 48. Rxb7 Qf6 49. Qe3 Nf5 50. Qc1 Qh4 51. Qg5 Qxg5 52. Nxg5 Ra8 53. g4 hxg4
54. fxg4 Nd4 55. Nf7+ Kg8 56. Nxd6 Rxa3 57. Nxb5 Ra2+ 58. Kg3 Ne2+ 59. Kh4 Rd2
60. d6 Nf4 61. Kg5 Nxh3+ 62. Kxg6 Nf4+ 63. Kf5 Nd5 64. Ke4 1-0

[Event "World Blitz Final"]
[Site "Astana KAZ"]
[Date "2012.07.09"]
[Round "3"]
[White "Gelfand, B."]
[Black "Bologan, V."]
[Result "0-1"]
[WhiteElo "2738"]
[BlackElo "2732"]
[PlyCount "142"]
[EventDate "2012.07.01"]

1. d4 d6 2. Nf3 g6 3. c4 Bg7 4. e4 Bg4 5. Be2 Nc6 6. Be3 Bxf3 7. Bxf3 e5 8. d5
Nd4 9. O-O Ne7 10. Bxd4 exd4 11. Nd2 c5 12. Be2 O-O 13. f4 f5 14. Bd3 fxe4 15.
Nxe4 Nf5 16. Ng5 Ne3 17. Qf3 Qxg5 18. fxg5 Rxf3 19. Rxf3 b5 20. b3 bxc4 21.
bxc4 Rb8 22. Rf2 a5 23. h3 a4 24. Re2 a3 25. Rc1 Be5 26. Rf2 Kg7 27. Kh1 h6 28.
gxh6+ Kxh6 29. g3 Kg7 30. Kh2 Rb4 31. Re2 Rb8 32. Rf2 Rh8 33. Rf3 Rb8 34. Rf2
Rh8 35. Rf3 Rb8 36. Rf2 Rb4 37. Re2 Rb7 38. Rf2 Rb8 39. Re1 g5 40. Rc1 g4 41.
hxg4 Nxg4+ 42. Kg2 Nxf2 43. Kxf2 Rf8+ 44. Kg2 Rg8 45. Rf1 Kh6 46. Rh1+ Kg5 47.
Rb1 Kf6 48. Rf1+ Ke7 49. Rf3 Kd7 50. Bf5+ Kc7 51. Rxa3 Rb8 52. Kf3 Rb2 53. g4
Rh2 54. Ra6 Kb7 55. Ra5 Rh3+ 56. Ke2 Re3+ 57. Kf2 Bg3+ 58. Kg2 d3 59. Rb5+ Kc7
60. Rb1 d2 61. Rd1 Be1 62. Be6 Kb6 63. Kf1 Rg3 64. Ke2 Rc3 65. g5 Rg3 66. Rb1+
Kc7 67. Rb3 Rxg5 68. Kd1 Rg1 69. Rd3 Rf1 70. Kc2 Rf4 71. Rc3 d1=Q+ 0-1

[Event "World Blitz Final"]
[Site "Astana KAZ"]
[Date "2012.07.09"]
[Round "3"]
[White "Andreikin, D."]
[Black "Svidler, P."]
[Result "0-1"]
[WhiteElo "2700"]
[BlackElo "2749"]
[PlyCount "67"]
[EventDate "2012.07.01"]

1. c4 g6 2. d4 Nf6 3. Nc3 d5 4. e3 Bg7 5. Qb3 e6 6. Qa3 a5 7. Nf3 c6 8. Be2
dxc4 9. b3 b5 10. Qb2 b4 11. Na4 c3 12. Qc2 O-O 13. e4 Nbd7 14. O-O Qc7 15. Bg5
c5 16. Rad1 Bb7 17. e5 Nd5 18. dxc5 Nxc5 19. Rd4 Nd7 20. Rc4 Qb8 21. Nc5 Nxc5
22. Rxc5 Rc8 23. Rxc8+ Qxc8 24. h4 h6 25. Bc1 Ba6 26. Bxa6 Qxa6 27. h5 gxh5 28.
Rd1 a4 29. Qe4 axb3 30. axb3 Qa2 31. Nd4 Rc8 32. Kh2 Qxf2 33. Rd3 Qf1 34. Ne2
0-1

[Event "World Blitz Final"]
[Site "Astana KAZ"]
[Date "2012.07.09"]
[Round "3"]
[White "Jumabayev, R."]
[Black "Ivanchuk, V."]
[Result "1-0"]
[WhiteElo "2525"]
[BlackElo "2769"]
[PlyCount "50"]
[EventDate "2012.07.01"]

1. Nf3 c5 2. c4 Nf6 3. d4 cxd4 4. Nxd4 e6 5. Nc3 a6 6. e4 Bb4 7. e5 Ne4 8. Qf3
Qa5 9. Nc2 Bxc3+ 10. bxc3 Qxe5 11. Bf4 Qxc3+ 12. Qxc3 Nxc3 13. Be5 Na4 14. Bxg7
Rg8 15. Bh6 d6 16. g3 Bd7 17. O-O-O Bc6 18. Rg1 Ke7 19. Bf4 e5 20. Bd2 Nd7 21.
Ne3 Ndc5 22. Bb4 Rad8 23. Nf5+ Kf6 24. Nxd6 b6 25. f4 exf4 1-0

[Event "World Blitz Final"]
[Site "Astana KAZ"]
[Date "2012.07.09"]
[Round "3"]
[White "Mamedyarov, S."]
[Black "Carlsen, M."]
[Result "1/2-1/2"]
[WhiteElo "2726"]
[BlackElo "2837"]
[PlyCount "141"]
[EventDate "2012.07.01"]

1. Nf3 g6 2. d4 Nf6 3. c4 Bg7 4. g3 c6 5. Nc3 d5 6. cxd5 cxd5 7. Bg2 O-O 8. Ne5
e6 9. O-O Nfd7 10. Nf3 Nc6 11. e4 dxe4 12. Nxe4 h6 13. Qe2 Nb6 14. Rd1 Nd5 15.
h4 b6 16. h5 g5 17. Nfxg5 hxg5 18. Bxg5 f6 19. Be3 Nce7 20. h6 Bh8 21. Rac1 Nf5
22. Nc3 Nfxe3 23. fxe3 f5 24. Qh5 Kh7 25. Nxd5 exd5 26. Rc6 Bf6 27. Rdc1 Bd7
28. Rc7 Kh8 29. Rb7 Qe8 30. Qxe8 Bxe8 31. Bxd5 Rd8 32. Bf3 Bg5 33. Kf2 Rd7 34.
Rxd7 Bxd7 35. Rc7 Bb5 36. Rxa7 Re8 37. Bh5 Bxe3+ 38. Kf3 Bc6+ 39. Ke2 Re4 40.
Bg6 Bxh6+ 41. Kd3 Re3+ 42. Kc4 Rxg3 43. Rh7+ Kg8 44. Rxh6 Kg7 45. Be8 Bxe8 46.
Rxb6 Bf7+ 47. d5 f4 48. Kd4 f3 49. Rb3 Rg4+ 50. Ke5 Rg5+ 51. Kf4 f2 52. Rf3 Rg2
53. Ke3 Bxd5 54. Rxf2 Rg3+ 55. Kd4 Bxa2 56. b4 Be6 57. b5 Rg5 58. Rb2 Bc8 59.
Rc2 Bf5 60. Rc7+ Kf6 61. b6 Be6 62. Rc5 Rg4+ 63. Kc3 Rg1 64. Rb5 Rg8 65. b7 Rb8
66. Kd4 Ke7 67. Kc5 Bh3 68. Kb6 Bg2 69. Kc7 Rxb7+ 70. Rxb7 Bxb7 71. Kxb7
1/2-1/2

[Event "World Blitz Final"]
[Site "Astana KAZ"]
[Date "2012.07.09"]
[Round "4"]
[White "Morozevich, A."]
[Black "Carlsen, M."]
[Result "1-0"]
[WhiteElo "2770"]
[BlackElo "2837"]
[PlyCount "71"]
[EventDate "2012.07.01"]

1. d4 f5 2. Bg5 g6 3. h4 h6 4. Bf4 Nf6 5. e3 d6 6. Bc4 e6 7. Nf3 Qe7 8. Nc3 a6
9. Qe2 b5 10. Bd3 Bb7 11. a3 Nbd7 12. Bg3 c5 13. dxc5 Nxc5 14. O-O-O e5 15. h5
e4 16. Bxb5+ axb5 17. Nd4 b4 18. axb4 Ba6 19. b5 Bb7 20. hxg6 Qd7 21. Kb1 d5
22. Be5 Bg7 23. Bxf6 Bxf6 24. Qh5 O-O-O 25. Qxf5 Bxd4 26. Qxd7+ Nxd7 27. Rxd4
Ne5 28. Rh5 Nxg6 29. Nxd5 Kb8 30. c4 Rhf8 31. Rxh6 Ne5 32. Nb6 Rde8 33. c5 Bc8
34. Rh7 Rxf2 35. c6 Nd3 36. Ra4 1-0

[Event "World Blitz Final"]
[Site "Astana KAZ"]
[Date "2012.07.09"]
[Round "4"]
[White "Ivanchuk, V."]
[Black "Mamedyarov, S."]
[Result "1-0"]
[WhiteElo "2769"]
[BlackElo "2726"]
[PlyCount "73"]
[EventDate "2012.07.01"]

1. e4 e5 2. Nf3 d6 3. Bc4 Nf6 4. d3 Be7 5. Nbd2 c6 6. c3 a5 7. Bb3 Na6 8. O-O
Bg4 9. Re1 Nc5 10. Bc2 Ne6 11. Nf1 Nd7 12. Ne3 Bxf3 13. Qxf3 g6 14. g3 O-O 15.
h4 Ng7 16. d4 h5 17. Rd1 Qc7 18. a4 Rad8 19. Nc4 f5 20. dxe5 Nxe5 21. Nxe5 dxe5
22. Rxd8 Qxd8 23. exf5 gxf5 24. Bh6 e4 25. Qe3 Qd6 26. Rd1 Qe6 27. Bf4 c5 28.
Qe2 Kh7 29. Qb5 Qg6 30. Qxb7 Bxh4 31. Rd7 Bf6 32. Bb3 h4 33. Rf7 Rd8 34. Qc6
hxg3 35. Rxf6 gxf2+ 36. Kxf2 e3+ 37. Bxe3 1-0